La baja comprensión de la lectura en la escuela primaria / (Record no. 124457)

MARC details
000 -CABECERA
campo de control de longitud fija 00770nam a2200205 a 4500
005 - FECHA Y HORA DE LA ÚLTIMA TRANSACCIÓN
campo de control 20230708063647.0
008 - ELEMENTOS DE LONGITUD FIJA--INFORMACIÓN GENERAL
campo de control de longitud fija 070926s1990 mx r 000 0 spa d
035 ## - NÚMERO DE CONTROL DEL SISTEMA
Número de control de sistema UPN01000152334
049 ## - COLECCIÓN
Colección CG
050 #4 - SIGNATURA TOPOGRÁFICA DE LA BIBLIOTECA DEL CONGRESO
Número de clasificación LC5309 U6
Número de documento/Ítem L274
100 1# - ASIENTO PRINCIPAL--NOMBRE PERSONAL
Nombre de persona Hernández Hernández, Isidra
245 13 - MENCIÓN DE TÍTULO
Título La baja comprensión de la lectura en la escuela primaria /
Mención de responsabilidad, etc. Isidra Hernández Hernández, Norma Guadalupe Nieto Herrera, Felix Hernández Alvarez.
260 ## - PUBLICACIÓN, DISTRIBUCIÓN, ETC.
Lugar de publicación, distribución, etc. Villahermosa :
Nombre del editor, distribuidor, etc. I. Hernández Hernández,
Fecha de publicación, distribución, etc. 1990.
300 ## - DESCRIPCIÓN FÍSICA
Extensión 71 h.
502 ## - NOTA DE TESIS
Nota de tesis Seminario -- Universidad Pedagógica Nacional, 1990
650 #4 - ASIENTO SECUNDARIO DE MATERIA - TERMINO TEMATICO
Término de materia o nombre geográfico como elemento de entrada Aprendizaje de la lectoescritura
9 (RLIN) 1535
700 1# - ASIENTO SECUNDARIO--NOMBRE DE PERSONAL
Nombre de persona Nieto Herrera, Norma Guadalupe,
Término indicativo de función/relación coaut.
700 1# - ASIENTO SECUNDARIO--NOMBRE DE PERSONAL
Nombre de persona Hernández Alvarez, Felix,
Término indicativo de función/relación coaut.
905 ## - TIPO DE MATERIAL
Tipo de material Libro
Holdings
Estado de retiro Estado de pérdida Fuente del sistema de clasificación o colocación Estado dañado No para préstamo Código de colección Localización permanente Ubicación/localización actual Ubicación en estantería Total de préstamos Clasificación Código de barras Fecha visto por última vez Número de copia Tipo de ítem Koha
    Library of Congress Classification     Colección General Bib. Gregorio Torres Quintero Bib. Gregorio Torres Quintero Planta baja   LC5309 U6 L274 49003 31/12/2020 1 Libro